O GENEZI ZLOMŮ VE VZTAHU K VÝVOJI SÍTĚ A SYSTÉMU PUKLINOVÝCH ZÓN A PORUCH V ŠIRŠÍ OBLASTI VÍDEŇSKÉ PÁNVE

Bibliographic Details
Main Authors: Květ, Radan, 1928- (Author), Špička, Václav (Author)
Other Authors: Radevová, M. (Translator)
Format: Article
Language:Czech

MARC

LEADER 00000nab a2200000ua 4500
001 vtls010844350
003 SK-MaSNL
005 20260303135813.0
008 230218s1973 xo |||||||||||||||||cze|
035 |a (urnnbn)urn:nbn:sk:snk:ar-a072y3 
035 |a urn:nbn:sk:snk-ab6686 
035 |a (uuid)dd534940-11cb-4831-a108-40732953e0ed 
040 |a SNKBUCL  |b slo  |c SNKBUCL  |e AACR2 
041 0 |a cze 
044 |a xo  |c SK 
100 1 |a Květ, Radan,  |d 1928-  |4 aut  |9 111477 
245 1 0 |a O GENEZI ZLOMŮ VE VZTAHU K VÝVOJI SÍTĚ A SYSTÉMU PUKLINOVÝCH ZÓN A PORUCH V ŠIRŠÍ OBLASTI VÍDEŇSKÉ PÁNVE  |c Radan Květ, M. Radevová, Václav Špička 
700 1 |a Radevová, M.  |4 trl  |9 1157538 
700 1 |a Špička, Václav  |4 aut  |9 730856 
773 0 |t Geologické práce : správy  |g Roč. 60, č. 60 (1973), s. 237-257 
954 |a odborná, vedecká literatúra cudzojazyčná (svetová)  |2 lita 
958 |a OND 
958 |a EUIPO 
958 |a article5 
999 |c 1967940  |d 1969870